000 00307nam a2200109Ia 4500
008 200302s9999 xx 000 0 und d
100 _aJ. C. Palmes
245 _aSir Banister Fletcher's A History of Architecture 18 th ed.
260 _bC. B. C. Publishers & Distributors
260 _c1986
300 _a1390 P.,
999 _c555
_d555